Match 'Em Up Blitz - Food Quiz Stats

 Plays Quiz Updated Dec 13, 2014

Challenge
Share
Tweet
Embed
Score 0/40 Timer 07:00
13 Plays Today
% Correct
FOOD GROUPS
100%
FOOD GROUP
99.9%
FOOD
99.9%
MEAT
71.9%
COKE PRODUCT
68.7%
COKE PRODUCTS
68.6%
MEATS COMPLETE
68.6%
DESCRIPTION
68.6%
COKE PRODUCTS UNLOCKED
68.6%
MEATS
68%
ANIMAL
67.8%
FOOD GROUPS COMPLETE
67.5%
SANDWICH
67.5%
MEATS UNLOCKED
67.5%
SANDWICHES
67.3%
RESTAURANT
67.2%
COKE PRODUCTS COMPLETE
67.2%
SANDWICHES UNLOCKED
67.1%
FOOD
67.1%
COLOR
66.5%
% Correct
COLORS
66%
SANDWICHES COMPLETE
65.8%
COLORS UNLOCKED
65.8%
SEAFOOD
64.9%
SEAFOOD
64.9%
ANIMAL
64.7%
SEAFOOD UNLOCKED
64.2%
COLORS COMPLETE
64.2%
CHEESE
61.5%
CHEESES
59.3%
EUROPEAN COUNTRY
59.1%
SEAFOOD COMPLETE
59%
CHEESES UNLOCKED
59%
PASTA
49.6%
PASTAS
47.6%
SHAPE
47.2%
CHEESES COMPLETE
46.9%
PASTAS UNLOCKED
46.9%
WELL DONE
29.2%
PASTAS COMPLETE
29.2%

You're not logged in!

Compare scores with friends on all Sporcle quizzes.
Join for Free
OR
Log In

You Might Also Like...

Show Comments

Extras

Top Quizzes Today


Score Distribution

Your Account Isn't Verified!

In order to create a playlist on Sporcle, you need to verify the email address you used during registration. Go to your Sporcle Settings to finish the process.

Report this User

Report this user for behavior that violates our Community Guidelines.

Details: